[Event "GER-chT Lands U20"]
[Site "Wiesbaden"]
[Date "2022.10.03"]
[Round "5.5"]
[White "Grossmann, Piet"]
[Black "Weishaeutel, Moritz"]
[Result "0-1"]
[WhiteElo "1945"]
[BlackElo "2401"]
[PlyCount "102"]
[EventDate "2022.09.30"]
[EventType "team-swiss"]
[EventRounds "7"]
[EventCountry "GER"]
[SourceTitle "CBM 210 Extra"]
[Source "ChessBase"]
[SourceDate "2022.11.30"]
[SourceVersion "1"]
[SourceVersionDate "2022.11.30"]
[SourceQuality "1"]
[WhiteTeam "Mecklenburg Vorpommern U20"]
[BlackTeam "Thueringen U20"]
[WhiteTeamCountry "GER"]
[BlackTeamCountry "GER"]

1. e4 c5 2. c3 Nf6 3. e5 Nd5 4. d4 cxd4 5. cxd4 d6 6. Nf3 Nc6 7. Bc4 dxe5 8. Nxe5 e6 9. 0-0 Bd6 10. Re1 0-0 11. Nc3 Nxc3 12. bxc3 Qc7 13. Bd3 Nxe5 14. dxe5 Be7 15. Qf3 Bd7 16. Bf4 Bc6 17. Qh3 g6 18. Re3 Rfd8 19. Qh6 Bf8 20. Qh4 Qa5 21. Rh3 h5 22. Rc1 Qd5 23. Rg3 Rd7 24. Re1 Bg7 25. h3 Qxa2 26. Bg5 Qa5 27. Bf6 Qxc3 28. Ree3 Rd4 29. Qg5 Qc1+ 30. Kh2 Rxd3 31. Rxd3 Qxg5 32. Rxg5 Bh6 33. h4 Bxg5 34. hxg5 Kf8 35. Rh3 Ke8 36. g4 h4 37. Rxh4 Kd7 38. Rh7 Bd5 39. Rxf7+ Kc6 40. Bg7 a5 41. Rf8 Rxf8 42. Bxf8 b5 43. f4 b4 44. f5 exf5 45. gxf5 gxf5 46. Kg3 Kb5 47. Kf4 Be6 48. Ke3 a4 49. Kd3 a3 50. Kc2 b3+ 51. Kb1 Ka4 0-1

[Event "Neubrandenburg-chA"]
[Site "Neubrandenburg"]
[Date "2022.04.12"]
[Round "7"]
[White "Knoop, Sascha"]
[Black "Grossmann, Piet"]
[Result "1/2-1/2"]
[WhiteElo "1830"]
[BlackElo "1971"]
[PlyCount "51"]
[EventDate "2022.04.09"]
[EventType "swiss"]
[EventRounds "7"]
[EventCountry "GER"]
[SourceTitle "CBM 207 Extra"]
[Source "ChessBase"]
[SourceDate "2022.05.31"]
[SourceVersion "1"]
[SourceVersionDate "2022.05.31"]
[SourceQuality "1"]

1. Nf3 e6 2. g3 Nf6 3. Bg2 Be7 4. 0-0 0-0 5. c4 d5 6. d4 dxc4 7. Ne5 Nc6 8. Bxc6 bxc6 9. Nxc6 Qe8 10. Nxe7+ Qxe7 11. Na3 Rd8 12. Qc2 Rxd4 13. Be3 Rd8 14. Qxc4 Nd5 15. Bc5 Qf6 16. Bd4 e5 17. Bc3 Be6 18. Qe4 Nxc3 19. bxc3 Bd5 20. Qe3 Qc6 21. c4 Bg2 22. Rfd1 Bh3 23. f3 e4 24. f4 h5 25. c5 Qa4 26. Rdc1 1/2-1/2

[Event "GER-chT Lands U20"]
[Site "Berlin"]
[Date "2020.10.03"]
[Round "6.6"]
[White "Yi, Danny"]
[Black "Grossmann, Piet"]
[Result "1/2-1/2"]
[WhiteElo "2266"]
[BlackElo "1849"]
[PlyCount "101"]
[EventDate "2020.09.29"]
[EventType "team-swiss"]
[EventRounds "7"]
[EventCountry "GER"]
[SourceTitle "CBM 198 Extra"]
[Source "ChessBase"]
[SourceDate "2020.11.30"]
[SourceVersion "1"]
[SourceVersionDate "2020.11.30"]
[SourceQuality "1"]
[WhiteTeam "Wuerttemberg U20"]
[BlackTeam "Mecklenburg Vorpommern U20"]
[WhiteTeamCountry "GER"]
[BlackTeamCountry "GER"]

1. e4 e6 2. d4 d5 3. Nd2 dxe4 4. Nxe4 Bd7 5. Nf3 Bc6 6. Bd3 Bxe4 7. Bxe4 c6 8. Qe2 Nf6 9. Bg5 Be7 10. Bxf6 Qa5+ 11. c3 Bxf6 12. Qc2 h6 13. Qb3 Qc7 14. 0-0-0 Nd7 15. Kb1 0-0-0 16. Rhe1 Kb8 17. g3 Nb6 18. Nd2 c5 19. dxc5 Qxc5 20. f4 Qc7 21. Bg2 g6 22. a4 Nc8 23. Nc4 Nb6 24. Nd2 Nc8 25. Nc4 Nb6 26. Na5 Nd5 27. Nxb7 Qxb7 28. Qxb7+ Kxb7 29. c4 Kb8 30. cxd5 exd5 31. Bxd5 Rd7 32. Re3 a6 33. Red3 Ka7 34. Bc4 Rxd3 35. Rxd3 Rb8 36. Rd7+ Rb7 37. Rxb7+ Kxb7 38. Bxf7 g5 39. b4 gxf4 40. gxf4 Be7 41. b5 axb5 42. axb5 Bd6 43. f5 Bxh2 44. Kc2 Kb6 45. Be8 Be5 46. Kd3 h5 47. Ke4 Bf6 48. Kd5 h4 49. Ke6 Bd8 50. f6 Bxf6 51. Kxf6 1/2-1/2

[Event "GER-chT Lands U20"]
[Site "Berlin"]
[Date "2020.10.02"]
[Round "5.6"]
[White "Grossmann, Piet"]
[Black "Tiarks, Jann Christian"]
[Result "1/2-1/2"]
[WhiteElo "1849"]
[BlackElo "2151"]
[PlyCount "56"]
[EventDate "2020.09.29"]
[EventType "team-swiss"]
[EventRounds "7"]
[EventCountry "GER"]
[SourceTitle "CBM 198 Extra"]
[Source "ChessBase"]
[SourceDate "2020.11.30"]
[SourceVersion "1"]
[SourceVersionDate "2020.11.30"]
[SourceQuality "1"]
[WhiteTeam "Mecklenburg Vorpommern U20"]
[BlackTeam "Brandenburg U20"]
[WhiteTeamCountry "GER"]
[BlackTeamCountry "GER"]

1. e4 c5 2. Nf3 d6 3. d4 cxd4 4. Nxd4 Nf6 5. Nc3 a6 6. Be3 e5 7. Nb3 Be6 8. f3 Be7 9. Qd2 h5 10. Nd5 Nxd5 11. exd5 Bf5 12. Bd3 Bxd3 13. Qxd3 Bg5 14. 0-0-0 Bxe3+ 15. Qxe3 Nd7 16. Nd2 0-0 17. Ne4 Nf6 18. Nxf6+ Qxf6 19. h4 Rac8 20. Qg5 Qxg5+ 21. hxg5 g6 22. Rh4 Rfd8 23. b3 Rc5 24. Kb2 Rdc8 25. Rd2 b5 26. a4 Kf8 27. axb5 axb5 28. Rh1 Ke7 1/2-1/2

[Event "Mecklenburg VP-ch op"]
[Site "Greifswald"]
[Date "2019.04.15"]
[Round "7.1"]
[White "Grossmann, Piet"]
[Black "Bartel, Jethro Aldrich"]
[Result "1/2-1/2"]
[WhiteElo "1752"]
[BlackElo "1450"]
[PlyCount "68"]
[EventDate "2019.04.13"]
[EventType "swiss"]
[EventRounds "7"]
[EventCountry "GER"]
[SourceTitle "EXT 2023"]
[Source "ChessBase"]
[SourceDate "2022.10.05"]
[SourceVersion "1"]
[SourceVersionDate "2022.10.05"]
[SourceQuality "1"]

1. e4 c5 2. Nf3 Nc6 3. c3 d5 4. exd5 Qxd5 5. d4 Bg4 6. Be2 cxd4 7. cxd4 e6 8. Nc3 Bb4 9. 0-0 Qa5 10. Ne4 Qd5 11. Nc3 Qa5 12. Ne4 Be7 13. Be3 Nf6 14. Nc3 0-0 15. a3 Nd5 16. Nxd5 Qxd5 17. h3 Bh5 18. Rc1 Rac8 19. Bc4 Qd6 20. g4 Bg6 21. Bd3 Nxd4 22. Nxd4 Rxc1 23. Bxc1 Qxd4 24. Bxg6 Qxd1 25. Bxh7+ Kxh7 26. Rxd1 Rd8 27. Rxd8 Bxd8 28. Be3 a5 29. a4 Bf6 30. b3 Bc3 31. Kg2 Kg6 32. f4 f5 33. Kf3 Kf6 34. Bb6 e5 1/2-1/2

[Event "Mecklenburg VP-ch op"]
[Site "Greifswald"]
[Date "2019.04.15"]
[Round "6.1"]
[White "Schmidt, Paul1111"]
[Black "Grossmann, Piet"]
[Result "1/2-1/2"]
[WhiteElo "1926"]
[BlackElo "1752"]
[PlyCount "64"]
[EventDate "2019.04.13"]
[EventType "swiss"]
[EventRounds "7"]
[EventCountry "GER"]
[SourceTitle "EXT 2023"]
[Source "ChessBase"]
[SourceDate "2022.10.05"]
[SourceVersion "1"]
[SourceVersionDate "2022.10.05"]
[SourceQuality "1"]

1. e4 e6 2. d4 d5 3. Nc3 Nf6 4. e5 Nfd7 5. f4 c5 6. Nf3 Nc6 7. Be3 Qb6 8. Na4 Qa5+ 9. c3 c4 10. b4 cxb3 11. axb3 a6 12. Be2 Be7 13. 0-0 Qc7 14. Nb2 0-0 15. Bd3 f5 16. Kh1 Nb6 17. Qc2 g6 18. Rg1 Kh8 19. g4 Bd7 20. gxf5 gxf5 21. Qg2 Rg8 22. Qh3 Raf8 23. Ng5 Bxg5 24. fxg5 Be8 25. g6 Rxg6 26. Rxg6 Bxg6 27. Rg1 Qf7 28. Bg5 Kg8 29. Bf6 Nd7 30. Bg5 Nb6 31. Bf6 Nd7 32. Bg5 Nb6 1/2-1/2

[Event "Mecklenburg VP-ch op"]
[Site "Greifswald"]
[Date "2019.04.13"]
[Round "2.2"]
[White "Grossmann, Piet"]
[Black "Gressler, Christian"]
[Result "1-0"]
[WhiteElo "1752"]
[BlackElo "1382"]
[PlyCount "61"]
[EventDate "2019.04.13"]
[EventType "swiss"]
[EventRounds "7"]
[EventCountry "GER"]
[SourceTitle "EXT 2023"]
[Source "ChessBase"]
[SourceDate "2022.10.05"]
[SourceVersion "1"]
[SourceVersionDate "2022.10.05"]
[SourceQuality "1"]

1. e4 e6 2. d4 d5 3. Nc3 Nf6 4. e5 Nfd7 5. f4 c5 6. Nf3 Nc6 7. Be3 Qb6 8. Qd2 cxd4 9. Nxd4 Qc7 10. Be2 Nxd4 11. Bxd4 a6 12. Bf3 Nb6 13. Qd3 Bd7 14. 0-0 Bc5 15. Rfd1 Nc4 16. Rab1 Rc8 17. Kf2 Nxb2 18. Rxb2 Bxd4+ 19. Qxd4 Qxc3 20. Qxc3 Rxc3 21. Rxb7 Rxc2+ 22. Ke3 Bc8 23. Rb8 0-0 24. Rd2 Rc3+ 25. Rd3 Rc5 26. Ra3 Rd8 27. Rxa6 Rc3+ 28. Kd2 Rd3+ 29. Kc2 Rd4 30. Rc6 Rxf4 31. Rbxc8 1-0